000
00296nam a22001217a 4500
999
_c
6056
_d
6056
245
_a
Customs Act, 2016 (Act 923): amendment.
_c
by Republic of Ghana
246
_a
Act 923
260
_a
Accra
_b
Assembly press
300
_a
6p.
440
_a
Acts of Parliament
650
_a
Customs Act
942
_c
REF